Rappers By Lyrics - Statistics

General Stats
  • This quiz has been taken 3,929 times
  • The average score is 5 of 10
Answer Stats
Lyrics Rapper % Correct
"I still see your shadows in my room" Juice WRLD
98%
"She say do you love me I tell her only partly" Drake
72%
"Push me to the edge; all my friends are dead" Lil Uzi Vert
72%
"What's poppin'? Brand new whip, just hopped in" Jack Harlow
63%
"With the pistol on my hip like I'm a cop" DaBaby
61%
"It's bigger than black and white; it's a problem with the whole way of life" Lil Baby
42%
"Who am I? Someone that's afraid to let go" XXXTENTACION
24%
"I did some wrongs, but I'm always right" Pop Smoke
23%
"I'm so sick of farewells and R.I.P.'s" Polo G
22%
"Youngin' chasin' dreams, reachin' for the stars" Rod Wave
8%
No matching quizzes found
Score Distribution
Percent of People with Each Score
Percentile by Number Answered
Your Score History
You have not taken this quiz